Project Financing and Expansion of a Company into Foreign Markets diplomová práca

Saved in:
Bibliographic Details
Main Author: Bagin, Juraj Richard
Corporate Author: Národohospodárska fakulta EU. Katedra financií
Other Authors: Alexy, Martin, 1976-
Format: Book
Language:English
Published: Bratislava 2022
Tags: Add Tag
No Tags, Be the first to tag this record!

MARC

LEADER 00000nbm a2200000 4500
001 0284135
005 20221025132013.9
041 0 |a eng 
044 |a SK 
245 1 0 |a Project Financing and Expansion of a Company into Foreign Markets  |b diplomová práca  |c Juraj Richard Bagin ; školiteľ: Martin Alexy 
264 1 |a Bratislava  |c 2022 
300 |a 89 s. 
100 1 |a Bagin, Juraj Richard 
700 1 |a Alexy, Martin, 1976- 
710 2 |a Národohospodárska fakulta EU. Katedra financií